| 000 | 00610nam a2200193 i 4500 | ||
|---|---|---|---|
| 001 | 141603 | ||
| 003 | ES-MaACL | ||
| 005 | 20251005063116.0 | ||
| 007 | t| | ||
| 008 | 070926s1914 fr ||||1| fre d | ||
| 100 | 0 |
_aVilliers de L'Isle-Adam, Auguste, _ccomte de _9115262 |
|
| 245 | 1 | 0 |
_aChez les passant _b: fantaisies pamphlets et souvenirs suivi de pages inedites / _cVillers de L'Isle -Adam. |
| 260 |
_aParis : _bG. Grès et cie, _c1914. |
||
| 300 |
_a302 p. ; _c19 cm. |
||
| 490 | 1 | _aLes Proses | |
| 830 | 0 |
_aLes Proses _9220424 |
|
| 852 |
_aES-MaACL _jD-2362 |
||
| 999 |
_c141603 _d141603 |
||